<?xml version="1.0" encoding="UTF-8"?>
<collection xmlns="http://www.loc.gov/MARC21/slim">
  <record>
    <leader>00000nam  2200000   4500</leader>
    <controlfield tag="001">INLIS000000000019888</controlfield>
    <controlfield tag="005">20250429111122</controlfield>
    <datafield tag="035" ind1="#" ind2="#">
      <subfield code="a">0010-0425000231</subfield>
    </datafield>
    <controlfield tag="007">ta</controlfield>
    <controlfield tag="008">250429################g##########0#ind##</controlfield>
    <datafield tag="020" ind1="#" ind2="#">
      <subfield code="a">979 456 082 0</subfield>
    </datafield>
    <datafield tag="082" ind1="#" ind2="#">
      <subfield code="a">519</subfield>
    </datafield>
    <datafield tag="084" ind1="#" ind2="#">
      <subfield code="a">519 SPR m</subfield>
    </datafield>
    <datafield tag="100" ind1=" " ind2="#">
      <subfield code="a">Sprent, Peter</subfield>
    </datafield>
    <datafield tag="245" ind1="1" ind2="#">
      <subfield code="a">Metode Statistik Nonparametrik Terapan /</subfield>
      <subfield code="c">Peter Sprent</subfield>
    </datafield>
    <datafield tag="250" ind1="#" ind2="#">
      <subfield code="a">Cetakan ke 1</subfield>
    </datafield>
    <datafield tag="260" ind1="#" ind2="#">
      <subfield code="a">Jakarta :</subfield>
      <subfield code="b">UI Press,</subfield>
      <subfield code="c">1991</subfield>
    </datafield>
    <datafield tag="300" ind1="#" ind2="#">
      <subfield code="a">310 halaman :</subfield>
      <subfield code="b">ilus ;</subfield>
      <subfield code="c">23 cm</subfield>
    </datafield>
    <datafield tag="650" ind1="#" ind2="4">
      <subfield code="a">Statistik</subfield>
    </datafield>
    <datafield tag="650" ind1="#" ind2="4">
      <subfield code="a">Matematika</subfield>
    </datafield>
    <datafield tag="520" ind1="#" ind2="#">
      <subfield code="a">Komputasi modern telah membuat metode-metode nonparametrik menjadi salah satu bidang statistik yang perkembangannya paling cepat. Buku ini menggunakan contoh-contoh --- banyak yang didasarkan pada data nyata terutama diperoleh untuk tujuan tersebut -- untuk menerangkan alasan dan penerapan dari setiap prosedur dengan teori Matematika atau teori lanjutan yang minimal. Hampir seluruh contoh-contoh diikuti dengan komentar yang berhubungan dengan kesulitan-kesulitan praktis dan perangkap-perangkap yang harus dihindari. Beberapa kumpulan data dianalisis dengan lebih dari satu cara untuk menjawab berbagai masalah yang mungkin menarik bagi para pekerja riset dan analisis data.</subfield>
    </datafield>
    <datafield tag="990" ind1="#" ind2="#">
      <subfield code="a">02085758</subfield>
    </datafield>
  </record>
</collection>
